000
00405nam a22001697a 4500
005
20251108164910.0
008
250721s9999 xx 000 0 ara d
082
1
4
_a
811.9611/فاض
100
1
_a
خلف، فاضل
245
1
0
_a
على ضفاف مجردة /
264
_c
[19-].
300
_a
182ص
650
1
7
_a
الشعر العربي
650
1
7
_a
تونس
942
_2
ddc
_c
BK
999
_c
16994
_d
16994